Goals : (Record no. 64044)
[ view plain ]
| 000 -LEADER | |
|---|---|
| fixed length control field | 00515nam a22001697a 4500 |
| 005 - DATE AND TIME OF LATEST TRANSACTION | |
| control field | 20200111163425.0 |
| 010 ## - LCCN (DPL NO) | |
| LC control number | B-189851 |
| 020 ## - INTERNATIONAL STANDARD BOOK NUMBER | |
| International Standard Book Number | 0070605866 |
| Terms of availability | 00.00 |
| 035 ## - SYSTEM CONTROL NUMBER | |
| System control number | B-189850 |
| 035 ## - SYSTEM CONTROL NUMBER | |
| System control number | B-189851 |
| 037 ## - SOURCE OF ACQUISITION | |
| Stock number | DPL |
| Source of stock number/acquisition | ENG |
| 100 ## - MAIN ENTRY--PERSONAL NAME | |
| Personal name | Tracy, Brian |
| 245 ## - TITLE STATEMENT | |
| Title | Goals : |
| Remainder of title | How to get everything you want - faster than you ever thought possible / |
| Statement of responsibility, etc | by Brian Tracy |
| 260 ## - PUBLICATION, DISTRIBUTION, ETC. (IMPRINT) | |
| Place of publication, distribution, etc | New Delhi |
| Name of publisher, distributor, etc | Tata McGraw-Hill Publishing |
| Date of publication, distribution, etc | 2004 |
| 300 ## - PHYSICAL DESCRIPTION | |
| Extent | vii, 291p. |
| Dimensions | 20 cms. |
| 942 ## - ADDED ENTRY ELEMENTS (KOHA) | |
| Source of classification or shelving scheme | Dewey Decimal Classification |
| Item type | English Books |
| Classification part | 158.1 |
| Call number suffix | TRA |
| Withdrawn status | Lost status | Not for loan | Collection code | Home library | Current library | Date acquired | Cost, normal purchase price | Full call number | Barcode | Cost, replacement price | Koha item type | Source of acquisition |
|---|---|---|---|---|---|---|---|---|---|---|---|---|
| Non-fiction | R.K.Puram-8 | R.K.Puram-8 | 11/01/2020 | 0.00 | 158.1 TRA | B-189851 | 0.00 | English Books | BPPD/Purchase | |||
| Lost and Paid For | Fiction | Sarojini Nagar | Sarojini Nagar | 14/03/2012 | 0.00 | 158.1 TRA | B-189850 | 250.00 | English Books |
